[Event "FRA-chT U20 0809"]
[Site "Sautron"]
[Date "2009.01.04"]
[Round "7.10"]
[White "Guerlach, Keigo"]
[Black "Ferrari, Louis"]
[Result "1-0"]
[WhiteElo "1700"]
[BlackElo "1180"]
[PlyCount "76"]
[EventDate "2008.10.??"]
[EventType "team-tourn"]
[EventRounds "11"]
[EventCountry "FRA"]
[SourceTitle "EXT 2010"]
[Source "ChessBase"]
[SourceDate "2010.11.25"]
[SourceVersion "1"]
[SourceVersionDate "2010.11.25"]
[SourceQuality "1"]

1. e4 e5 2. Nf3 Nc6 3. Bc4 Nf6 4. 0-0 Bc5 5. d3 0-0 6. Bb5 a6 7. Bxc6 bxc6 8. Nxe5 Re8 9. Nf3 d5 10. exd5 cxd5 11. h3 Bb7 12. Nbd2 Qe7 13. b3 Qe2 14. Bb2 Qxd1 15. Raxd1 Rad8 16. Bxf6 gxf6 17. Rfe1 a5 18. d4 Rxe1+ 19. Rxe1 Bb4 20. Re3 c5 21. dxc5 Bxc5 22. Rd3 Rc8 23. Nb1 Ba7 24. Rc3 d4 25. Rxc8+ Bxc8 26. Kf1 Bf5 27. Ne1 Kf8 28. Ke2 Bc5 29. Nd3 Bb4 30. f3 Kg7 31. c3 Kg6 32. h4 Kh5 33. g4+ Bxg4 34. fxg4+ Kxg4 35. Nd2 Kxh4 36. Nf3+ Kg3 37. Nxd4 h5 38. a3 h4 1-0

[Event "FRA-chT U20 0809"]
[Site "Sautron"]
[Date "2009.01.03"]
[Round "5.8"]
[White "Apap, Hugo"]
[Black "Guerlach, Keigo"]
[Result "0-1"]
[WhiteElo "1380"]
[BlackElo "1700"]
[PlyCount "107"]
[EventDate "2008.10.??"]
[EventType "team-tourn"]
[EventRounds "11"]
[EventCountry "FRA"]
[SourceTitle "EXT 2010"]
[Source "ChessBase"]
[SourceDate "2010.11.25"]
[SourceVersion "1"]
[SourceVersionDate "2010.11.25"]
[SourceQuality "1"]

1. e4 e5 2. Nf3 Nf6 3. Nc3 Bb4 4. Nxe5 Qe7 5. f4 d6 6. Nf3 Bxc3 7. dxc3 Nxe4 8. Qe2 Nc6 9. Be3 Bg4 10. Qd3 0-0-0 11. 0-0-0 Nc5 12. Qd2 Qe6 13. Kb1 a6 14. Re1 Qd7 15. Bc4 Be6 16. Bxe6 fxe6 17. Bxc5 dxc5 18. Qxd7+ Rxd7 19. Rxe6 Rhd8 20. Ree1 Rf7 21. g3 g5 22. Nxg5 Rfd7 23. Ne6 Re8 24. Nxc5 Rxe1+ 25. Rxe1 Rd2 26. h4 Ne7 27. Ne4 Rg2 28. Nf6 Rxg3 29. Nxh7 Rg4 30. b3 Nc6 31. f5 Rxh4 32. Re8+ Kd7 33. Re6 Rxh7 34. b4 Rf7 35. a4 Rxf5 36. Re3 b5 37. Rd3+ Ke6 38. axb5 axb5 39. Re3+ Re5 40. Rg3 Kd6 41. Rg6+ Re6 42. Rg4 Kd7 43. Rg7+ Re7 44. Rxe7+ Kxe7 45. Kc1 Ne5 46. Kd2 Kd6 47. Ke3 Kd5 48. Kd2 c5 49. Ke3 cxb4 50. cxb4 Nc6 51. c3 Kc4 52. Kd2 Nxb4 53. cxb4 Kxb4 54. Kc2 0-1